000 00575nam a22002297a 4500
003 UA-OsUOA
001 48801
007 ta
008 20070912b un ||||| |||| 00| 0 ukr d
090 _a82.09
_bС17
942 _cBK
040 _aUA-OsUOA
_bukr
_cUA-OsUOA
_dUA-OsUOA
245 _aСамототожність письменника
300 _a157 с.
955 _a2
041 _aukr
080 _a82.09
020 _a966-02-0821-9
260 _aК.
_c1999
650 7 _a82 Література. Літературознавство
_2UDC
999 _c334910
_d334910